|
|
|
|
| LEADER |
00000cam a22000002ca4500 |
| 001 |
1107702836 |
| 003 |
DE-627 |
| 005 |
20220515125813.0 |
| 007 |
tu |
| 008 |
940302n19uuuuuuxx ||||| 00| ||ger c |
| 035 |
|
|
|a (DE-627)1107702836
|
| 035 |
|
|
|a (DE-576)037702831
|
| 035 |
|
|
|a (DE-599)BSZ037702831
|
| 040 |
|
|
|a DE-627
|b ger
|c DE-627
|e rakwb
|
| 041 |
|
|
|a ger
|
| 190 |
|
|
|j 1901
|
| 245 |
0 |
4 |
|a Die Strafanstalten und Gefängnisse in Preußen
|c im amtl. Auftr. hrsg. von C. Krohne ...
|
| 264 |
|
1 |
|a Berlin
|b Heymann
|c 19XX-
|
| 336 |
|
|
|a Text
|b txt
|2 rdacontent
|
| 337 |
|
|
|a ohne Hilfsmittel zu benutzen
|b n
|2 rdamedia
|
| 338 |
|
|
|a Band
|b nc
|2 rdacarrier
|
| 700 |
1 |
|
|a Krohne, Karl
|e Hrsg.
|0 (DE-627)1231837780
|0 (DE-576)161837786
|4 edt
|
| 935 |
|
|
|a mkri
|
| 951 |
|
|
|a MC
|
| ELC |
|
|
|b 1
|
| LOK |
|
|
|0 000 xxxxxcx a22 zn 4500
|
| LOK |
|
|
|0 001 2596921715
|
| LOK |
|
|
|0 003 DE-627
|
| LOK |
|
|
|0 004 1107702836
|
| LOK |
|
|
|0 005 20090331104221
|
| LOK |
|
|
|0 008 090331||||||||||||||||ger|||||||
|
| LOK |
|
|
|0 040
|a DE-Frei85
|c DE-627
|d DE-Frei85
|
| LOK |
|
|
|0 852
|a DE-Frei85
|
| LOK |
|
|
|0 852 1
|m p
|9 00
|
| LOK |
|
|
|0 938
|k p
|
| LOK |
|
|
|0 939
|a 31-03-09
|b l01
|
| ORI |
|
|
|a SA-MARC-krimdoka001.raw
|
| SPR |
|
|
|a 1
|t KRI
|